Research report summaries '76

Đã lưu trong:
Bibliografiske detaljer
Institution som forfatter: Research Institute of Telecommunications and Economics
Format: Bog
Sprog:Undetermined
Udgivet: Tokyo Research Institute of Telecommunications and Economics 1976
Fag:
Tags: Tilføj Tag
Ingen Tags, Vær først til at tagge denne postø!
Thư viện lưu trữ: Trung tâm Học liệu Trường Đại học Cần Thơ
LEADER 00623nam a2200193Ia 4500
001 CTU_99157
008 210402s9999 xx 000 0 und d
082 |a 384.09 
082 |b R432 
110 |a Research Institute of Telecommunications and Economics 
245 0 |a Research report summaries '76 
245 0 |c Research Institute of Telecommunications and Economics 
260 |a Tokyo 
260 |b Research Institute of Telecommunications and Economics 
260 |c 1976 
650 |a Telecommunication 
650 |x Developing countries 
904 |i Giang 
980 |a Trung tâm Học liệu Trường Đại học Cần Thơ